000 00566nam a2200229Ia 4500
003 OSt
005 20220926043725.0
006 a|||||r|||| 00| 0
007 ta
008 220923b |||||||| |||| 00| 0 eng d
037 _cGeneral Book
040 _aRTL
_cRTL
_beng
041 _2eng
_aeng
082 _aU:6, K0.1-.2
100 _aKimble George H T
_9348169
245 0 _aTropical Africa
260 _c1960
490 _vV1
650 _aGeography- Africa
942 _hU:6, K0.1-.2
_cGB
_2CC
999 _c673050
_d673050